Moja masterskaja i shagalovskij fenomen
Článok sa zaoberá cestou od učenia k vzdelávaniu na základe fenoménu Marca Shagalla na prvej hodine ruského jazyka pre začiatočníkov v rámci digitalizovanej národnej učebnice. Pre študentov slovenských škôl uvádzame úvodnú hodinu kurzu Ruský jazyk ako cudzí jazyk. Hodina je postavená na princípe syn...
Salvato in:
| Autore principale: | |
|---|---|
| Altri autori: | |
| Natura: | Capitolo di libro |
| Lingua: | russo |
| Soggetti: | |
| Tags: |
Nessun Tag, puoi essere il primo ad aggiungerne!!
|
MARC
| LEADER | 00000naa$a2200000$$$4500 | ||
|---|---|---|---|
| 001 | 0307535 | ||
| 005 | 20250307103848.7 | ||
| 041 | 0 | |a rus | |
| 044 | |a SK | ||
| 245 | 1 | 0 | |a Moja masterskaja i shagalovskij fenomen |c Milan Bujnak, Ekaterina Borisova |
| 520 | |a Článok sa zaoberá cestou od učenia k vzdelávaniu na základe fenoménu Marca Shagalla na prvej hodine ruského jazyka pre začiatočníkov v rámci digitalizovanej národnej učebnice. Pre študentov slovenských škôl uvádzame úvodnú hodinu kurzu Ruský jazyk ako cudzí jazyk. Hodina je postavená na princípe syntetickej kultúry, dialógu kultúr Slovenska a Ruska. | ||
| 610 | 2 | 0 | |a ruština |
| 610 | 2 | 0 | |a jazyky cudzie |
| 610 | 2 | 0 | |a kultúra |
| 610 | 2 | 0 | |a vyučovanie |
| 100 | 1 | |a Bujnak, Milan | |
| 700 | 1 | |a Borisova, Ekaterina, 1971- | |